Wszystkie kluby które grały w Premier League - Statystyki

Ogólne statystyki
  • Ten quiz został rozwiązany 55 razy
  • Średni wynik to 38 z 51
Statystyki odpowiedzi
Liczba Sezonów Ostatni Sezon Odpowiedź % Poprawnych
34 25/26 Arsenal
100%
29 25/26 Manchester City
100%
31 25/26 Aston Villa
98%
34 25/26 Chelsea
98%
34 25/26 Liverpool
98%
34 25/26 Manchester United
98%
34 25/26 Tottenham Hotspur
98%
34 25/26 Everton
96%
30 25/26 West Ham United
96%
12 25/26 Wolverhampton Wanderers
93%
16 25/26 Leeds United
91%
9 25/26 Bournemouth
89%
10 25/26 Burnley
89%
19 25/26 Fulham
89%
18 24/25 Leicester City
89%
9 25/26 Nottingham Forest
89%
17 25/26 Sunderland
89%
17 25/26 Crystal Palace
87%
25 24/25 Southampton
87%
5 25/26 Brentford
85%
31 25/26 Newcastle United
85%
18 11/12 Blackburn Rovers
83%
9 25/26 Brighton
83%
6 24/25 Ipswich Town
83%
6 23/24 Sheffield United
83%
7 17/18 Swansea City
83%
1 23/24 Luton Town
80%
10 21/22 Norwich City
80%
5 16/17 Hull City
78%
2 18/19 Cardiff City
74%
7 07/08 Derby County
74%
7 14/15 Queens Park Rangers
74%
10 17/18 Stoke City
74%
7 10/11 Birmingham City
72%
7 09/10 Portsmouth
70%
13 11/12 Bolton Wanderers
67%
9 00/01 Coventry City
67%
8 21/22 Watford
67%
13 20/21 West Bromwich Albion
67%
15 16/17 Middlesbrough
63%
8 06/07 Charlton Athletic
59%
2 18/19 Huddersfield
59%
8 99/00 Sheffield Wednesday
59%
8 12/13 Wigan Athletic
54%
3 12/13 Reading
52%
8 99/00 Wimbledon
43%
1 10/11 Blackpool
37%
2 00/01 Bradford City
37%
1 97/98 Barnsley
33%
2 93/94 Oldham Athletic
26%
1 93/94 Swindon Town
20%
Nie znaleziono quizów pasujących do podanych kryteriów
Rozkład punktacji
Procent ludzi z każdym wynikiem
Percentyl według liczby udzielonych odpowiedzi
Twoja historia wyników
Nie rozwiązałeś tego quizu